Statistics for 100 Most Common Hindi Words

Click here to take the quiz!

General Stats

  • This quiz has been taken 91 times
  • The average score is 10 of 100

Answer Stats

#EnglishHindi% Correct
2ishai
81%
9somethingkuch
47%
86you (informal)tum
42%
12wasthā
42%
47amhūṃ
40%
24whatkyā
40%
30speech; discussion, dispute; argumentbād
33%
6gone; pastgayā
32%
62Indiabhārat
28%
54people, folklog
28%
44daydin
26%
39werethe
23%
84mymere
23%
41wasthī
21%
551. times, occasion. 2. gate, door; doorwaybār
21%
28many; muchbahut
21%
82handhāth
21%
75name, titlenām
19%
23timesamay
19%
95threetīn
18%
70will behogā
18%
13givendiyā
16%
45but; howeverlekin
16%
20became; came about; washuā
14%
52sometimes; at any timekabhī
14%
46action; act; work; taskkām
12%
311. anew, again. 2. thereafter, afterwards; next; then. 3. furthermore; butphir
12%
92theirs; his (formal)unkā
12%
40hisunke
12%
21something said, a word, remark; speech, talk, words; conversation; discussionbāt
11%
17by means of; by; withse
11%
60nearbypās
11%
11happeninghotā
11%
96his (informal)iskā
11%
101. n. company; something accompanying. 2. adv. with; along; in the company ofsāth
11%
63takenliyā
11%
65theirs; his (formal)unkī
9%
79one's, one's ownapnā
9%
1in, intomeṃ
9%
15becomingkoī
9%
4no;notnahīṃ
9%
3arehaiṃ
9%
22something said; a remark; remarkskahā
7%
18Imaiṃ
7%
80of this sortaise
7%
93took; received; acceptedliye
7%
721. place, region. 2. country; nationdeś
7%
8oursapne
7%
27kind; sort; typeprakār
5%
26happeninghotī
5%
49of this; for thisiske
5%
71this (emphatic)isī
4%
61therevahāṃ
4%
73if; whetheryadi
4%
68seemedlagā
4%
67wentgayī
4%
66people (plural)logoṃ
4%
5holding; taking with onelie
4%
99big, large; greatbaṛī
4%
38becominghuī
4%
14becominghue
4%
591. action, act; activity. 2. work, task dutykārya
4%
83language; speechbhāṣā
4%
19(auxiliary verb)rahā
4%
53et ceteraādi
4%
29kind; typetarah
4%
35(auxiliary verb)rahī
4%
87middlebīc
4%
89big; large; great; elderbaɽe
2%
81another; secondlydūsare
2%
981. particular, special, distinctive. 2. excellentviśheṣ
2%
97of this sortaisī
2%
85Imaiṃne
2%
881. (added to noun) a person employed in the preceding noun. 2. (added to adjective) adds emphasis to preceding adjective. 3. (added to noun, adjective, or noun phrase) gives adjectival properties to preceding word. 4. (added to verb) gives agentive meaning to preceding verb. Feminine form of vālāvālī
2%
78opening, expandingvikās
2%
51plural perfective aspect of jānāgaye
2%
77of this sortaisā
2%
48arehote
2%
25her own; hersapnī
2%
32masculine plural form of continuous aspect auxiliary verbrahe
2%
36behone
2%
76a yearvarṣ
2%
42used to denote a relationship to the noun, verb, or adjective preceding the postpositionvāle
2%
100orathvā
2%
641. obtained; acquired; incurred. 2. come upon, foundprāpt
2%
69other; differentanya
2%
50to them (dative case)unheṃ
0%
561. here. 2. atyahāṃ
0%
43is wanted, is wanted by; is needful (to or for); should oughtcāhie
0%
57the two; bothdonoṃ
0%
58oblique case of theyunhoṃne
0%
901. (f. noun) copy of an original. 2. (f. noun) section, group (of a larger whole). 3. (prefix) again, back again, re-. 4. (preposition) towards, against, anti-. 5. (preposition) each, every; per. 6. (preposition) similar toprati
0%
91a person; a particular personvyakti
0%
34increased, exceeding; moreadhik
0%
94so; thereforeislie
0%
33by meansdvārā
0%
74every single one; absolutely allsabhī
0%
16form; shape; appearance; aspectrūp
0%
71. conj. and. 2. adv. in the same way astathā
0%
371. thus, so. 2. andevaṃ
0%

Score Distribution

Percentile by Number Answered

Percent of People with Each Score

Your Score History

You have not taken this quiz